[Event "5. HSK Oster-Open 2019"]
[Site "Hamburg"]
[Date "2019.04.20"]
[Round "3.23"]
[White "Rudolph, Jens-Erik"]
[Black "Grabbel, Torben Frederik"]
[Result "1/2-1/2"]
[WhiteElo "1812"]
[BlackElo "1573"]
[PlyCount "130"]
[EventDate "2019.04.19"]

1. Nc3 Nf6 2. d4 d5 3. Bg5 e6 4. e4 dxe4 5. Nxe4 Be7 6. Bxf6 Bxf6 7. Nf3 O-O 8.
Bc4 b6 9. Qe2 Bb7 10. O-O-O Qe7 11. h4 Nd7 12. g4 Bxe4 13. Qxe4 g6 14. g5 Bg7
15. h5 Rfe8 16. hxg6 fxg6 17. Rde1 Nf8 18. Qh4 Bh8 19. Bxe6+ Nxe6 20. d5 Qg7
21. Rxe6 Rxe6 22. dxe6 Qxb2+ 23. Kd1 Rd8+ 24. Nd2 Qa1+ 25. Ke2 Qe5+ 26. Ne4 h5
27. gxh6 Rd4 28. h7+ Kf8 29. f3 Qxe6 30. Qf4+ Ke7 31. Qxc7+ Rd7 32. Qf4 Qc4+
33. Kf2 Qxc2+ 34. Kg3 Qc7 35. Qxc7 Rxc7 36. Ng5 Kf6 37. f4 Kf5 38. Rd1 Kf6 39.
Rd6+ Ke7 40. Re6+ Kf8 41. Rxg6 Rg7 42. Rf6+ Ke8 43. Kf3 Ke7 44. Re6+ Kd8 45.
Ke4 Kd7 46. Kd5 Kd8 47. Rd6+ Ke8 48. Ne6 Rxh7 49. Rd8+ Ke7 50. Ra8 Kf6 51. Ng5
Rh4 52. Rxa7 Rxf4 53. Ne4+ Kf5 54. Rf7+ Kg4 55. Rxf4+ Kxf4 56. Nd6 Bc3 57. Kc6
Bd4 58. Nc4 Ke4 59. Nxb6 Bc3 60. a4 Kd4 61. Kb5 Ke5 62. Nc8 Ke6 63. Na7 Kd7 64.
Kb6 Kd8 65. Kb7 Kd7 1/2-1/2

[Event "5. HSK Oster-Open 2019"]
[Site "Hamburg"]
[Date "2019.04.20"]
[Round "3.25"]
[White "Chilton, Alexis"]
[Black "Eggers, Heiko"]
[Result "1-0"]
[WhiteElo "1809"]
[BlackElo "1616"]
[PlyCount "120"]
[EventDate "2019.04.19"]

1. e4 g6 2. Nc3 Bg7 3. f4 d6 4. Bc4 Nf6 5. Nf3 O-O 6. O-O Nbd7 7. Qe1 e5 8. d3
h6 9. Qg3 Kh7 10. fxe5 Nxe5 11. Nxe5 Nh5 12. Qe3 dxe5 13. Rxf7 Rxf7 14. Bxf7
Nf4 15. Nd5 Nxd5 16. Bxd5 c6 17. Bb3 Qe7 18. Bd2 Bd7 19. Rf1 Be6 20. Bxe6 Qxe6
21. b3 b6 22. a4 Qe7 23. a5 c5 24. Ra1 b5 25. b4 cxb4 26. Rb1 Qc7 27. Bxb4 Qxc2
28. Rc1 Qb2 29. Bd2 a6 30. Rc7 Qd4 31. Qxd4 exd4 32. Bb4 Kg8 33. Kf2 Be5 34.
Rc6 Kf7 35. h3 Ra7 36. Bc5 Ra8 37. Bd6 Bxd6 38. Rxd6 Rb8 39. Rxa6 b4 40. Rb6
Ra8 41. Rxb4 Rxa5 42. Rxd4 Ke6 43. Rc4 Ra6 44. d4 Ra2+ 45. Kf3 Ra3+ 46. Kf4 g5+
47. Kg4 Re3 48. Rc6+ Kd7 49. Rxh6 Rxe4+ 50. Kxg5 Rxd4 51. Rf6 Rd2 52. g4 Rd3
53. h4 Ke7 54. Rf5 Rd8 55. h5 Rg8+ 56. Kh4 Ke6 57. h6 Rg6 58. Kh5 Rg8 59. Rf2
Ke7 60. g5 Rd8 1-0

[Event "5. HSK Oster-Open 2019"]
[Site "Hamburg"]
[Date "2019.04.20"]
[Round "3.27"]
[White "Meyer, Harald"]
[Black "Eberhardt, Michael"]
[Result "0-1"]
[WhiteElo "1298"]
[BlackElo "1770"]
[PlyCount "96"]
[EventDate "2019.04.19"]

1. Nf3 Nf6 2. d4 e6 3. c4 Bb4+ 4. Nc3 b6 5. a3 Bxc3+ 6. bxc3 Bb7 7. e3 O-O 8.
Be2 Nc6 9. O-O Ba6 10. Nd2 d5 11. f3 Na5 12. e4 dxc4 13. Rf2 Qd7 14. Qf1 Rac8
15. g3 c5 16. Bb2 Nc6 17. Bxc4 Bxc4 18. Nxc4 cxd4 19. Rd1 e5 20. Rfd2 Qe6 21.
cxd4 exd4 22. Bxd4 Rfd8 23. Bc3 Rxd2 24. Nxd2 h6 25. Qc4 Qxc4 26. Nxc4 Na5 27.
Bxa5 Rxc4 28. Bb4 Rc8 29. h3 a5 30. Be7 Nh5 31. Rd8+ Rxd8 32. Bxd8 Nxg3 33. Kg2
Ne2 34. Bxb6 a4 35. Kf2 Nc3 36. Ke3 f5 37. Kd3 Nb5 38. Bc5 fxe4+ 39. fxe4 Kf7
40. Kc4 Nc7 41. Kb4 Na6+ 42. Kb5 Nc7+ 43. Kxa4 Ke6 44. Bd4 g5 45. Kb3 h5 46.
Kc4 g4 47. hxg4 hxg4 48. Be5 Kxe5 0-1

[Event "5. HSK Oster-Open 2019"]
[Site "Hamburg"]
[Date "2019.04.20"]
[Round "3.29"]
[White "Lohmann, Rene Alexander"]
[Black "Stolzenwald, Frank"]
[Result "1/2-1/2"]
[WhiteElo "1499"]
[BlackElo "1292"]
[PlyCount "44"]
[EventDate "2019.04.19"]

1. e4 d6 2. d4 e6 3. c4 c6 4. Nc3 Nf6 5. Bg5 Be7 6. Nf3 Na6 7. a3 Nd5 8. Bxe7
Nxc3 9. Bxd8 Nxd1 10. Rxd1 Kxd8 11. e5 dxe5 12. dxe5+ Ke7 13. Nd2 Rd8 14. Ne4
f5 15. Nd6 b6 16. b4 Nc7 17. c5 bxc5 18. bxc5 Ba6 19. Bd3 Rab8 20. Bc2 Rb2 21.
Bxf5 Re2+ 22. Kf1 Rd2+ 1/2-1/2

[Event "5. HSK Oster-Open 2019"]
[Site "Hamburg"]
[Date "2019.04.20"]
[Round "3.30"]
[White "Queißer, Jens"]
[Black "Kort, Felix"]
[Result "0-1"]
[WhiteElo "1431"]
[BlackElo "1654"]
[PlyCount "44"]
[EventDate "2019.04.19"]

1. g3 d5 2. Bg2 c5 3. Nf3 f6 4. d3 e5 5. Nbd2 Nc6 6. c3 Be6 7. O-O Qd7 8. e4 d4
9. Re1 dxc3 10. Nc4 Rd8 11. Nfxe5 fxe5 12. Qh5+ Qf7 13. Qg5 h6 14. Nxe5 hxg5
15. Nxf7 Kxf7 16. e5 cxb2 17. Bxb2 Rxd3 18. Bxc6 bxc6 19. Rad1 c4 20. Bd4 Bb4
21. Re3 Rxd1+ 22. Kg2 Bh3+ 0-1

[Event "5. HSK Oster-Open 2019"]
[Site "Hamburg"]
[Date "2019.04.20"]
[Round "3.31"]
[White "Kipke, Mark"]
[Black "Echt, Pascal"]
[Result "1-0"]
[WhiteElo "1623"]
[BlackElo "1372"]
[PlyCount "57"]
[EventDate "2019.04.19"]

1. e4 e5 2. Nf3 Nc6 3. Bb5 a6 4. Ba4 b5 5. Bb3 Bc5 6. O-O Nf6 7. Nxe5 Nxe5 8.
d4 Be7 9. dxe5 Nxe4 10. Qf3 d5 11. exd6 Nxd6 12. Qxa8 O-O 13. Qf3 Bb7 14. Bd5
Bc8 15. Bf4 Bf6 16. c3 Qd7 17. Nd2 Rd8 18. Bc6 Qf5 19. Nb3 Qg6 20. Bxd6 cxd6
21. Be4 Qg5 22. Qg3 Qh6 23. Rad1 Be5 24. f4 Bf6 25. f5 g6 26. Rxd6 Rxd6 27.
Qxd6 Kg7 28. Qf4 g5 29. Qc7 1-0

[Event "5. HSK Oster-Open 2019"]
[Site "Hamburg"]
[Date "2019.04.20"]
[Round "3.33"]
[White "Fuhrmann, Frederik"]
[Black "Lu, Yunong Elias"]
[Result "1-0"]
[WhiteElo "1550"]
[BlackElo "1358"]
[PlyCount "103"]
[EventDate "2019.04.19"]

1. c4 c5 2. g3 Nc6 3. Bg2 Nf6 4. Nc3 e6 5. e4 d6 6. Nge2 Be7 7. O-O O-O 8. a3
Nd7 9. Rb1 a5 10. d3 Re8 11. f4 Nf8 12. b3 Bf6 13. Bb2 Nd4 14. Nb5 Nxe2+ 15.
Qxe2 Bxb2 16. Qxb2 Ng6 17. d4 Rf8 18. Rfd1 Qe7 19. dxc5 dxc5 20. Qd2 f5 21. e5
Nh8 22. Qd6 Qxd6 23. Rxd6 Nf7 24. Rd2 a4 25. b4 cxb4 26. Rxb4 g5 27. c5 Kg7 28.
Nc3 Rg8 29. Rxa4 Rxa4 30. Nxa4 gxf4 31. gxf4 Kh6 32. Kf2 Kh5 33. Bf3+ Kh4 34.
Nb6 Kh3 35. Ke3 Kh4 36. Rg2 Rf8 37. Rg7 h6 38. Nxc8 Nxe5 39. Bxb7 Ng4+ 40. Kd4
Nxh2 41. Ke5 Ng4+ 42. Kxe6 Re8+ 43. Re7 Rf8 44. Nd6 Rf6+ 45. Kd7 Rf8 46. Rf7
Rxf7+ 47. Nxf7 Nf6+ 48. Ke6 Ne4 49. c6 Nc5+ 50. Kxf5 Na4 51. c7 Nb6 52. a4 1-0

[Event "5. HSK Oster-Open 2019"]
[Site "Hamburg"]
[Date "2019.04.20"]
[Round "3.34"]
[White "Fuhrmann, Jeppe"]
[Black "Mi, Gufeng"]
[Result "0-1"]
[WhiteElo "1365"]
[BlackElo "1547"]
[PlyCount "63"]
[EventDate "2019.04.19"]

1. e4 g6 2. d4 d6 3. Bf4 Bg7 4. Nf3 Nf6 5. Nc3 Nh5 6. Be3 a6 7. h3 Nd7 8. Be2
c6 9. Nd2 Nhf6 10. Bf4 b5 11. e5 Nd5 12. Nxd5 cxd5 13. Nf3 e6 14. Qd2 h6 15.
Bd3 Nb6 16. Nh2 h5 17. Nf3 Bb7 18. Qe2 Nc4 19. Bxc4 bxc4 20. O-O Qd7 21. c3 a5
22. b3 Ba6 23. Qe3 cxb3 24. Rfb1 bxa2 25. Rxa2 Bc4 26. Rab2 O-O 27. Bh6 a4 28.
Ra1 a3 29. Rd2 a2 30. Bxg7 Kxg7 31. Rb2 Qe7 32. Nd2 {Rest nicht
rekonstruierbar.} 0-1

[Event "5. HSK Oster-Open 2019"]
[Site "Hamburg"]
[Date "2019.04.20"]
[Round "4.1"]
[White "Meissner, Felix"]
[Black "Lammers, Markus"]
[Result "1/2-1/2"]
[WhiteElo "2410"]
[BlackElo "2318"]
[PlyCount "84"]
[EventDate "2019.04.19"]

1. e4 e5 2. Nf3 Nf6 3. d3 Nc6 4. g3 d5 5. exd5 Nxd5 6. Bg2 Bc5 7. O-O O-O 8.
Nc3 Nde7 9. Be3 Bb6 10. Bxb6 axb6 11. Re1 f6 12. Nb5 Nf5 13. a4 Re8 14. h4 Be6
15. Qd2 Qd7 16. b3 Rad8 17. Qc3 Bd5 18. Rad1 Re7 19. Qb2 {(=)} Nb4 20. Rd2 c5
21. Qb1 Kh8 22. Qd1 Bc6 23. Na3 Qc7 24. Nc4 b5 25. axb5 Bxb5 26. Bh3 Bd7 27.
Bg2 Bc6 28. Ne3 Nd6 29. h5 Ree8 30. Nh4 Bxg2 31. Nexg2 Nc6 32. Ne3 Nd4 33. c3
Ne6 34. Qg4 Qc6 35. Nef5 Nxf5 36. Qxf5 Ng5 37. Rdd1 Qe6 38. Qxe6 Rxe6 39. Re3
Kg8 40. Kf1 Rb6 41. Rb1 Ra8 42. Re2 Kf7 1/2-1/2

[Event "5. HSK Oster-Open 2019"]
[Site "Hamburg"]
[Date "2019.04.20"]
[Round "4.2"]
[White "Tomov, Georgi"]
[Black "Pfreundt, Jakob"]
[Result "0-1"]
[WhiteElo "2319"]
[BlackElo "2381"]
[PlyCount "108"]
[EventDate "2019.04.19"]

1. e4 e5 2. Nf3 Nc6 3. Bc4 Bc5 4. O-O Nf6 5. d3 d6 6. c3 a5 7. Nbd2 O-O 8. h3
Be6 9. b3 d5 10. exd5 Bxd5 11. Qe2 Re8 12. Ne4 Bxc4 13. bxc4 Nxe4 14. Qxe4 Qd7
15. Qd5 Qxd5 16. cxd5 Ne7 17. c4 Nc8 18. Bb2 f6 19. d4 exd4 20. Bxd4 b6 21.
Rfe1 Nd6 22. Bxc5 bxc5 23. Nd2 a4 24. Kf1 Kf7 25. Rxe8 Rxe8 26. Rb1 g5 27. Rb2
f5 28. Rc2 Kf6 29. Nf3 Re4 30. Ne1 Rxc4 31. Rxc4 Nxc4 32. Nd3 Nb6 33. Nxc5 a3
34. Ne6 Nxd5 35. Nd4 Nc3 36. Nc2 Nxa2 37. Nxa3 Ke5 38. Ke2 Nc3+ 39. Kd3 Ne4 40.
Nc4+ Ke6 41. Ke3 Kd5 42. Nb2 f4+ 43. Kf3 Kd4 44. h4 gxh4 45. Nd1 Ke5 46. Kg4 c5
47. f3 Ng3 48. Kxh4 Kd4 49. Kg5 Ne2 50. Kh6 c4 51. Kxh7 c3 52. Nxc3 Kxc3 53.
Kg6 Kd4 54. Kf5 Ke3 0-1

[Event "5. HSK Oster-Open 2019"]
[Site "Hamburg"]
[Date "2019.04.20"]
[Round "4.3"]
[White "Höffer, David"]
[Black "Bracker, Arne"]
[Result "1-0"]
[WhiteElo "2314"]
[BlackElo "2199"]
[PlyCount "69"]
[EventDate "2019.04.19"]

1. Nc3 Nf6 2. d4 d5 3. Bf4 g6 4. e3 Bg7 5. f3 c5 6. Nb5 O-O 7. Nc7 Nh5 8. Nxa8
Nxf4 9. exf4 cxd4 10. Bd3 Nc6 11. Ne2 Bd7 12. O-O Qxa8 13. Re1 a6 14. Kh1 e6
15. Qd2 Qa7 16. b4 Rc8 17. Reb1 Ne7 18. a4 Nf5 19. Bxf5 gxf5 20. Ra2 Rc4 21.
Nc1 b6 22. Nd3 Qc7 23. Re1 f6 24. Qe2 Kf7 25. g4 fxg4 26. fxg4 h6 27. g5 hxg5
28. fxg5 f5 29. b5 a5 30. Kg2 Ke7 31. h4 Kd8 32. h5 Rc3 33. h6 Bf8 34. Rh1 Qc4
35. Rb2 1-0

[Event "5. HSK Oster-Open 2019"]
[Site "Hamburg"]
[Date "2019.04.20"]
[Round "4.5"]
[White "Kahlert, Thomas"]
[Black "Trisic, Aleksandar"]
[Result "0-1"]
[WhiteElo "2174"]
[BlackElo "2307"]
[PlyCount "100"]
[EventDate "2019.04.19"]

1. c4 Nf6 2. Nc3 g6 3. e4 d6 4. d4 Bg7 5. Nf3 O-O 6. Be2 Nbd7 7. O-O e5 8. Be3
c6 9. d5 c5 10. Ne1 Ne8 11. Nd3 f5 12. exf5 gxf5 13. f4 Qe7 14. fxe5 Nxe5 15.
Nxe5 Bxe5 16. Qd2 {(=)} Nf6 17. Rae1 Bd7 18. Bf3 Rae8 19. Bf4 Kh8 20. Re2 Qd8
21. Rfe1 Qb8 22. g3 a6 23. a4 Rf7 24. Kg2 Rfe7 25. Bg5 Rf8 26. Bh6 Rg8 27. Bf4
Rge8 28. h3 Rg8 29. Kh2 Be8 30. Bxe5 dxe5 31. d6 e4 32. Bg2 Reg7 33. Qf4 Nh5
34. Qe5 Nxg3 35. Rf2 Bc6 36. Re3 Qe8 37. Qxe8 Bxe8 38. Nd5 Nh5 {(=)} 39. Ne7
Bd7 40. Nxg8 Kxg8 41. a5 Rf7 42. Bf1 Bc6 43. Be2 Ng7 44. Kg3 Ne6 45. Bh5 Rg7+
46. Kh4 f4 47. Bg4 Rxg4+ 48. Kxg4 fxe3 49. Re2 h5+ 50. Kg3 Nd4 0-1

[Event "5. HSK Oster-Open 2019"]
[Site "Hamburg"]
[Date "2019.04.20"]
[Round "4.6"]
[White "Brinkmann, Fabian"]
[Black "Grötzbach, Daniel"]
[Result "1-0"]
[WhiteElo "2136"]
[BlackElo "2067"]
[PlyCount "71"]
[EventDate "2019.04.19"]

1. d4 d5 2. c4 c6 3. Nf3 Nf6 4. Nc3 e6 5. g3 Nbd7 6. Bg2 Be7 7. O-O dxc4 8. a4
Qc7 9. e4 e5 10. d5 a6 11. Qe2 cxd5 12. exd5 O-O 13. Nd2 Rb8 14. Nxc4 Re8 15.
Rd1 Bd6 16. Bg5 h6 17. Be3 Nc5 18. Nxd6 Qxd6 19. Qc4 b6 20. a5 Ncd7 21. Qc6 Qb4
22. axb6 Bb7 23. Qa4 Qd6 24. Qa3 Qxa3 25. Rxa3 Ng4 26. Na4 Nxe3 27. fxe3 e4 28.
Rc3 Nf6 29. d6 Nd5 30. d7 Red8 31. Rc7 Nxe3 32. Nc5 Bd5 33. Nxa6 Nxd1 34. Nxb8
e3 35. Bf1 Be6 36. Nc6 1-0

[Event "5. HSK Oster-Open 2019"]
[Site "Hamburg"]
[Date "2019.04.20"]
[Round "4.7"]
[White "Krause, Max"]
[Black "Franke, Lutz"]
[Result "1/2-1/2"]
[WhiteElo "1934"]
[BlackElo "2156"]
[PlyCount "23"]
[EventDate "2019.04.19"]

1. d4 e6 2. c4 f5 3. g3 Nf6 4. Bg2 Be7 5. Nh3 O-O 6. b3 d6 7. Bb2 Qe8 8. O-O c6
9. Nd2 Na6 10. Nf4 d5 11. Nd3 Qh5 12. e3 1/2-1/2

[Event "5. HSK Oster-Open 2019"]
[Site "Hamburg"]
[Date "2019.04.20"]
[Round "4.8"]
[White "Schwarzkopf, Jörg"]
[Black "Günther, Patrick"]
[Result "0-1"]
[WhiteElo "1857"]
[BlackElo "2065"]
[PlyCount "120"]
[EventDate "2019.04.19"]

1. e4 g6 2. d4 d6 3. Bc4 Bg7 4. Nf3 Nf6 5. Qe2 O-O 6. e5 dxe5 7. dxe5 Nd5 8.
O-O c6 9. Rd1 Qa5 10. Bd2 Qb6 11. Bxd5 cxd5 12. Bc3 e6 13. Nbd2 Nc6 14. Nb3 Bd7
15. Nbd4 Rfc8 16. Nxc6 bxc6 17. h3 c5 18. b3 Bc6 19. Nh2 h5 20. g4 hxg4 21.
Nxg4 d4 22. Bd2 Qd8 23. Bf4 Qd5 24. f3 Qxf3 25. Qxf3 Bxf3 26. Re1 Bxg4 27. hxg4
Rd8 28. Re4 Rd5 29. Rae1 Rc8 30. Rd1 g5 31. Bg3 Kh7 32. Kg2 Kg6 33. Rd3 Bf8 34.
Rd1 Be7 35. Rd3 Bd8 36. Rd1 Bb6 37. a4 a6 38. Bf2 Rh8 39. Rd3 Rh6 40. Rd1 Rd8
41. Rh1 Rxh1 42. Kxh1 Bc7 43. Kg2 Rd5 44. Bg3 f5 45. exf6 Bxg3 46. Kxg3 Kxf6
47. Kf3 Re5 48. a5 Rd5 49. Ke2 Ke7 50. Kd3 Rd8 51. Kc4 Kd6 52. b4 Rc8 53. bxc5+
Rxc5+ 54. Kxd4 Rxc2 55. Kd3 Ra2 56. Rd4+ Ke7 57. Kc3 Rxa5 58. Kb4 Rd5 59. Re4
Kd6 60. Rc4 Ke5 0-1

[Event "5. HSK Oster-Open 2019"]
[Site "Hamburg"]
[Date "2019.04.20"]
[Round "4.9"]
[White "Warns, Heiko"]
[Black "Grabbel, Lennart Christian"]
[Result "1/2-1/2"]
[WhiteElo "2092"]
[BlackElo "1819"]
[PlyCount "60"]
[EventDate "2019.04.19"]

1. e4 c5 2. g3 Nc6 3. Bg2 b5 4. Ne2 Bb7 5. d4 cxd4 6. Nxd4 a6 7. O-O e6 8. Be3
Qc7 9. Re1 Nf6 10. Qe2 Be7 11. Nd2 O-O 12. a4 bxa4 13. Rxa4 d5 14. exd5 Nxd4
15. Bxd4 Nxd5 16. Rc4 Qd7 17. Ne4 Rfc8 18. Qg4 Bf8 19. Nc5 Qb5 20. b3 Bc6 21.
Bf1 Be8 22. Bd3 Qa5 23. b4 Nxb4 24. Ra1 Qb5 25. Rxb4 Qxb4 26. Qe4 f5 27. Qxe6+
Bf7 28. Qxf5 Bg6 29. Qd5+ Bf7 30. Qe4 Bg6 1/2-1/2

[Event "5. HSK Oster-Open 2019"]
[Site "Hamburg"]
[Date "2019.04.20"]
[Round "4.10"]
[White "Andris, Valentin"]
[Black "Avdic, Faris"]
[Result "1-0"]
[WhiteElo "1796"]
[BlackElo "2043"]
[PlyCount "65"]
[EventDate "2019.04.19"]

1. d4 Nf6 2. c4 e6 3. Nc3 Bb4 4. f3 d5 5. a3 Bxc3+ 6. bxc3 c6 7. c5 Nbd7 8. Bf4
b6 9. Bd6 bxc5 10. dxc5 Qa5 11. Qd4 Ba6 12. Qb4 Qb5 13. Nh3 Nf8 14. e3 Qxb4 15.
axb4 Bxf1 16. Rxf1 Ng6 17. Ra6 Kd7 18. Ng5 e5 19. Nxf7 Rhe8 20. Kf2 h6 21. Rfa1
Ke6 22. Rxa7 Rxa7 23. Rxa7 Nd7 24. g4 Ngf8 25. h4 Kxf7 26. Bxf8 Kxf8 27. Rxd7
Ra8 28. Rd6 Ra6 29. Kg3 Ra3 30. Rxc6 Rxc3 31. b5 Rxe3 32. b6 Rb3 33. Rc7 1-0

[Event "5. HSK Oster-Open 2019"]
[Site "Hamburg"]
[Date "2019.04.20"]
[Round "4.11"]
[White "Callsen, Niklas"]
[Black "Chilton, Alexis"]
[Result "1-0"]
[WhiteElo "2043"]
[BlackElo "1809"]
[PlyCount "33"]
[EventDate "2019.04.19"]

1. e4 c5 2. Nf3 d6 3. d4 cxd4 4. Nxd4 Nf6 5. Nc3 g6 6. Be3 Bg7 7. f3 O-O 8. Qd2
Nc6 9. O-O-O d5 10. Qe1 e6 11. h4 e5 12. Nxc6 bxc6 13. exd5 cxd5 14. Bg5 Qd6
15. Bxf6 Bxf6 16. Nxd5 Qc6 17. Qe4 1-0

[Event "5. HSK Oster-Open 2019"]
[Site "Hamburg"]
[Date "2019.04.20"]
[Round "4.12"]
[White "Pothast, Laurenz"]
[Black "Renger, Maik"]
[Result "1-0"]
[WhiteElo "1774"]
[BlackElo "2029"]
[PlyCount "63"]
[EventDate "2019.04.19"]

1. e4 c5 2. Nf3 d6 3. d4 cxd4 4. Nxd4 Nf6 5. Nc3 g6 6. Bc4 Bg7 7. Be3 O-O 8. f3
Nc6 9. Bb3 Bd7 10. Qd2 Rc8 11. O-O-O Nxd4 12. Bxd4 a6 13. g4 b5 14. h4 h5 15.
Bxf6 Bxf6 16. gxh5 gxh5 17. Qh6 Bg7 18. Qxh5 e6 19. e5 Rc5 20. Ne4 Rxe5 21. Ng5
Re8 22. Qxf7+ Kh8 23. Rxd6 Re7 24. Qh5+ Kg8 25. Qh7+ Kf8 26. Qg6 Qc8 27. Rhd1
Qc5 28. Nh7+ Kg8 29. Nf6+ Kf8 30. Nxd7+ Rxd7 31. Rxd7 Qe3+ 32. Kb1 1-0

[Event "5. HSK Oster-Open 2019"]
[Site "Hamburg"]
[Date "2019.04.20"]
[Round "4.13"]
[White "Kotyk, Michael"]
[Black "Lasschuit, Rene"]
[Result "1-0"]
[WhiteElo "1960"]
[BlackElo "1775"]
[PlyCount "85"]
[EventDate "2019.04.19"]

1. Nf3 c5 2. b3 Nf6 3. Bb2 g6 4. g3 Bg7 5. c4 O-O 6. Bg2 Nc6 7. O-O d5 8. cxd5
Nxd5 9. Bxg7 Kxg7 10. d4 Qa5 11. dxc5 Qxc5 12. Qc1 Qxc1 13. Rxc1 Rd8 14. Nbd2
Bd7 15. Nc4 f6 16. a3 Rac8 17. b4 b6 18. Kf1 Be8 19. e4 Nc7 20. Bh3 e6 21. e5
Nxe5 22. Nfxe5 fxe5 23. Nxe5 Kf6 24. Nc6 Bxc6 25. Rxc6 Ke7 26. Rac1 Kd7 27. Ke2
g5 28. a4 h6 29. R6c4 Rf8 30. Bg4 Rh8 31. a5 bxa5 32. bxa5 h5 33. Bf3 Nd5 34.
Rxc8 Rxc8 35. Rxc8 Kxc8 36. Bxh5 Kb7 37. Bf7 Nc7 38. h4 gxh4 39. gxh4 Ka6 40.
h5 Nd5 41. h6 Nf6 42. Bxe6 Kxa5 43. Bf5 1-0

[Event "5. HSK Oster-Open 2019"]
[Site "Hamburg"]
[Date "2019.04.20"]
[Round "4.14"]
[White "Eberhardt, Michael"]
[Black "Aumüller, Ingo"]
[Result "0-1"]
[WhiteElo "1770"]
[BlackElo "1983"]
[PlyCount "74"]
[EventDate "2019.04.19"]

1. d4 Nf6 2. Bf4 b5 3. e3 Bb7 4. Nf3 a6 5. c4 bxc4 6. Bxc4 e6 7. O-O Be7 8. h3
O-O 9. Nc3 d5 10. Bd3 Nbd7 11. Rc1 c5 12. Re1 Ne4 13. Bb1 f5 14. Bxe4 fxe4 15.
Ne5 cxd4 16. Ne2 dxe3 17. fxe3 Nxe5 18. Bxe5 Bd6 19. Bxd6 Qxd6 20. Rf1 Rxf1+
21. Qxf1 e5 22. Kh1 Rf8 23. Qd1 Rd8 24. Qb3 Bc6 25. Rd1 Bb5 26. Nc3 Bd3 27. Re1
Kh8 28. Rc1 h6 29. Qd1 d4 30. Ne2 dxe3 31. Qe1 Qf6 32. Kg1 Rf8 33. Ng3 Qf2+ 34.
Kh2 Qxb2 35. Qxe3 Rf2 36. Rg1 Qd4 37. Qc1 Rc2 0-1

[Event "5. HSK Oster-Open 2019"]
[Site "Hamburg"]
[Date "2019.04.20"]
[Round "4.15"]
[White "Streich, Justus"]
[Black "Kipke, Kevin"]
[Result "0-1"]
[WhiteElo "1963"]
[BlackElo "1684"]
[PlyCount "72"]
[EventDate "2019.04.19"]

1. e4 c5 2. Nf3 Nc6 3. Bb5 d6 4. O-O e5 5. c3 Qb6 6. Ba4 Bd7 7. Re1 Nge7 8. Na3
Rb8 9. Bb3 Na5 10. Nc4 Nxc4 11. Bxc4 Nc6 12. Ng5 Nd8 13. Qh5 g6 14. Qf3 Be7 15.
Bxf7+ Nxf7 16. Qxf7+ Kd8 17. Qg7 Re8 18. Nxh7 Be6 19. Qxg6 Kd7 20. Nf6+ Bxf6
21. Qxf6 Rf8 22. Qg5 Rg8 23. Qe3 Rbf8 24. b3 Rf7 25. Bb2 Qd8 26. Kh1 Qh4 27. g3
Qh3 28. f4 Rh7 29. Qf2 Rxg3 30. f5 Bf7 31. Rf1 Rf3 32. Qg2 Qh4 33. Rae1 Rh3 34.
Rf2 Bh5 35. f6 Bf3 36. Rxf3 Rxh2+ 0-1

[Event "5. HSK Oster-Open 2019"]
[Site "Hamburg"]
[Date "2019.04.20"]
[Round "4.16"]
[White "Genov, Valentin"]
[Black "Atri, Jamshid"]
[Result "1-0"]
[WhiteElo "1727"]
[BlackElo "1942"]
[PlyCount "99"]
[EventDate "2019.04.19"]

1. d4 Nf6 2. c4 e6 3. Nc3 d5 4. Nf3 c6 5. cxd5 exd5 6. Bg5 Be7 7. Qc2 Nbd7 8.
e3 Nf8 9. Bd3 Ne6 10. Bh4 g6 11. O-O Ng7 12. Rab1 Nf5 13. Bxf6 Bxf6 14. Na4 O-O
15. b4 a6 16. Nc5 Re8 17. a4 b5 18. axb5 axb5 19. Rfc1 Nd6 20. Ra1 Rxa1 21.
Rxa1 Nc4 22. Ra8 Qe7 23. Qa2 Bg4 24. Ra7 Qd8 25. Nd2 Kg7 26. h3 Bc8 27. Ndb3
Qd6 28. Ra8 Bg5 29. Bxc4 bxc4 30. Na5 f5 31. Nab7 Qe7 32. Qa7 Kh6 33. Na5 Qf6
34. Qc7 f4 35. h4 Bxh4 36. Rxc8 Rxc8 37. Qxc8 fxe3 38. fxe3 Qf2+ 39. Kh2 Qg3+
40. Kh1 Qe1+ 41. Kh2 Qg3+ 42. Kh1 Qxe3 43. Qf8+ Kg5 44. Qf3 Qe1+ 45. Kh2 Bf2
46. Ne6+ Qxe6 47. Qxf2 h5 48. g3 Qe4 49. Qd2+ Kf5 50. Nxc6 1-0

[Event "5. HSK Oster-Open 2019"]
[Site "Hamburg"]
[Date "2019.04.20"]
[Round "4.17"]
[White "Schulz, Hans-Juergen"]
[Black "Noack, Reiner"]
[Result "0-1"]
[WhiteElo "1815"]
[BlackElo "2082"]
[PlyCount "74"]
[EventDate "2019.04.19"]

1. e4 e6 2. Nf3 d5 3. e5 a5 4. d4 c5 5. dxc5 Bxc5 6. Bd3 Nc6 7. O-O Nge7 8. Nc3
Ng6 9. Qe2 Bd7 10. Bg5 Qb8 11. Rfe1 Nd4 12. Nxd4 Bxd4 13. Bxg6 hxg6 14. Bf4 {
(=)} b5 15. Qd2 Qa7 16. Be3 Bxe3 17. fxe3 Rh5 18. Rf1 Rxe5 19. Rf3 Bc6 20. Raf1
Rf5 21. Ne2 Rxf3 22. Rxf3 e5 23. Qc3 Qc7 24. Qc5 Rc8 25. Rh3 Kd7 26. Rh7 Ke6
27. Rxg7 Bd7 28. Qxc7 Rxc7 29. c3 b4 30. Kf2 Rc8 31. Rh7 Bb5 32. e4 dxe4 33.
Ng3 Bd3 34. cxb4 axb4 35. Rh4 Rc2+ 36. Ke1 f5 37. Rh6 e3 0-1

[Event "5. HSK Oster-Open 2019"]
[Site "Hamburg"]
[Date "2019.04.20"]
[Round "4.18"]
[White "Apitzsch, Leon Fabian"]
[Black "Rudolph, Jens-Erik"]
[Result "0-1"]
[WhiteElo "1971"]
[BlackElo "1812"]
[PlyCount "54"]
[EventDate "2019.04.19"]

1. b3 e5 2. Bb2 Nc6 3. e3 Nf6 4. Bb5 Bd6 5. Nf3 e4 6. Nd4 Nxd4 7. Bxd4 c6 8.
Be2 Be7 9. O-O d5 10. d3 O-O 11. c4 Bf5 12. Qc2 dxc4 13. dxc4 Re8 14. Rd1 Qc7
15. Qb2 Rad8 16. Nd2 Ng4 17. Bxg4 Bxg4 18. f3 exf3 19. gxf3 Bg5 20. fxg4 Rxd4
21. exd4 Re2 22. Nf3 Be3+ 23. Kh1 Rxb2 24. d5 Qf4 25. Rf1 Qxg4 26. Ne1 Qe2 27.
Ng2 Qxg2# 0-1

[Event "5. HSK Oster-Open 2019"]
[Site "Hamburg"]
[Date "2019.04.20"]
[Round "4.20"]
[White "Summers, Jan"]
[Black "Schulze, Mario"]
[Result "1/2-1/2"]
[WhiteElo "1680"]
[BlackElo "1932"]
[PlyCount "47"]
[EventDate "2019.04.19"]

1. e4 c5 2. Nf3 d6 3. d4 cxd4 4. Nxd4 Nf6 5. Nc3 a6 6. a4 e6 7. Be2 Be7 8. O-O
Qc7 9. Be3 Nbd7 10. a5 O-O 11. Nb3 Nc5 12. Nxc5 dxc5 13. f4 Rd8 14. Qe1 Bd7 15.
Bf3 Be8 16. Bd2 Rac8 17. Ne2 Bb5 18. Bc3 Bxe2 19. Qxe2 Rd7 20. g3 Rcd8 21. Rfd1
h6 22. Qc4 Ne8 23. Rxd7 Rxd7 24. e5 1/2-1/2

[Event "5. HSK Oster-Open 2019"]
[Site "Hamburg"]
[Date "2019.04.20"]
[Round "4.21"]
[White "Fuhrmann, Bahne"]
[Black "Christensen, Andreas"]
[Result "1/2-1/2"]
[WhiteElo "1662"]
[BlackElo "1841"]
[PlyCount "109"]
[EventDate "2019.04.19"]

1. e4 c5 2. Nf3 d6 3. d4 cxd4 4. Nxd4 Nf6 5. Nc3 a6 6. h3 e5 7. Nb3 Be6 8. g4
Nc6 9. f4 exf4 10. Bxf4 Ne5 11. g5 Nfd7 12. Nd4 Qa5 13. h4 Rc8 14. Bd2 Bg4 15.
Be2 Bxe2 16. Qxe2 Nc4 17. Nd5 Qxd2+ 18. Qxd2 Nxd2 19. Kxd2 g6 20. Nf6+ Nxf6 21.
gxf6 Bh6+ 22. Kd3 Bf4 23. h5 h6 24. Raf1 g5 25. Nf5 Kd7 26. Rxf4 gxf4 27. Rf1
Rhg8 28. Rxf4 Rc5 29. c3 Rg2 30. b4 Re5 31. a4 b5 32. axb5 axb5 33. Rh4 d5 34.
Nxh6 dxe4+ 35. Kd4 Ke6 36. Ng4 Rd2+ 37. Ke3 Rd3+ 38. Ke2 Red5 39. h6 Rd8 40.
Nf2 Rxc3 41. Nxe4 Rc2+ 42. Ke3 Rg2 43. h7 Rh8 44. Rh5 Rg1 45. Kf4 Rf1+ 46. Ke3
Rg1 47. Kd4 Rg4 48. Re5+ Kd7 49. Re7+ Kd8 50. Rxf7 Rh4 51. Ke5 Re8+ 52. Kf5
Rhxe4 53. h8=Q R4e5+ 54. Kf4 Re4+ 55. Kf3 1/2-1/2

[Event "5. HSK Oster-Open 2019"]
[Site "Hamburg"]
[Date "2019.04.20"]
[Round "4.22"]
[White "Grabbel, Torben Frederik"]
[Black "Solar, Peter"]
[Result "0-1"]
[WhiteElo "1573"]
[BlackElo "1806"]
[PlyCount "54"]
[EventDate "2019.04.19"]

1. d4 Nf6 2. Nf3 d5 3. Bf4 c5 4. e3 Nc6 5. c3 Qb6 6. Qb3 c4 7. Qxb6 axb6 8.
Nbd2 b5 9. Be2 Bf5 10. O-O e6 11. Nh4 Be4 12. Nxe4 Nxe4 13. Nf3 b4 14. cxb4
Bxb4 15. a3 Be7 16. Rfc1 b5 17. Ne5 Nxe5 18. Bxe5 O-O 19. Bd1 Rfc8 20. Bc2 Nd2
21. Rd1 Nb3 22. Bxb3 cxb3 23. Rd3 Bxa3 24. bxa3 b2 25. Rdd1 bxa1=Q 26. Rxa1
Rxa3 27. Rb1 Rac3 0-1